000 00185 a2200109 4500
020 _a958677306x
041 _aeng
100 _aAnonimo
245 _aWorld
942 _cBK
952 _71
999 _c19577
_d19577